00222nam a2200085Ia 4500100002100000654002500021245004400046260003400090546001200124 aWilliams Robert  aComplete Ref guide aRunning 1-2-3- : Complete Ref Guide bGalgotia PubaNew Delhic1988 aENGLISH